Deutschrap 2022 - Statistiken

Allgemein
  • Dieses Quiz wurde 1.369 mal gespielt
    1.142 seit der letzten Aktualisierung
  • Das Durchschnittsergebnis liegt bei 25 aus 103
Antwortstatistiken
Album Single Antwort % Korrekt
1x Gold 3x Gold Capital Bra
86%
1x Platin 1x Diamant Bonez MC
79%
1x Platin 3x Gold Gzuz
78%
1x Platin 1x Diamant Raf Camora
76%
1x Platin 1x Diamant Sido
76%
1x Platin 1x Gold Bushido
70%
1x Gold 1x Diamant Apache 207
64%
1x Gold 1x Gold Farid Bang
63%
3x Gold 1x Gold Kollegah
63%
1x Gold 3x Gold Samra
62%
- 1x Gold Luciano
58%
- 1x Diamant Maxwell
57%
- 1x Gold Mero
57%
- 1x Platin Ufo 361
53%
- 1x Gold LX
50%
- 1x Platin Summer Cem
49%
- 1x Gold Haftbefehl
47%
1x Gold 1x Platin Juju
46%
- 7x Gold Bausa
45%
1x Gold 1x Platin KC Rebell
45%
- 3x Gold Nimo
45%
- 1x Platin Shirin David
45%
5x Gold 2x Platin Cro
43%
1x Gold 1x Platin Shindy
43%
- 1x Gold Pashanim
40%
- 1x Platin Loredana
39%
1x Platin 3x Gold Kontra K
37%
- 1x Platin Azet
35%
- 1x Gold Dardan
34%
1x Gold 3x Gold RIN
34%
- 1x Gold Sa4
34%
- 1x Gold Eno
33%
1x Platin 1x Gold Kool Savas
32%
- 1x Gold Xatar
32%
- 1x Platin Zuna
30%
- 1x Platin Ak Ausserkontrolle
29%
1x Gold 1x Gold SSIO
29%
- 1x Gold | 1x Platin badmomzjay
28%
- 1x Gold T-low
28%
13x Gold 1x Platin Peter Fox
27%
- 1x Platin Jamule
26%
- 1x Platin Miami Yacine
26%
- 3x Gold Capo
25%
- 1x Platin Olexesh
25%
1x Gold 1x Platin Nura
24%
- 1x Gold reezy
24%
1x Gold 1x Diamant Kay One
22%
- 1x Gold PA Sports
22%
- 1x Platin Veysel
19%
1x Gold 1x Platin K.I.Z
16%
1x Gold 1x Platin Trettmann
16%
- 1x Gold Yung Hurn
16%
3x Gold 1x Platin Die Fantastischen Vier
15%
- 1x Gold Fero47
15%
1x Platin 1x Diamant Alligatoah
14%
1x Platin 1x Platin Marteria
14%
3x Gold 1x Platin Casper
13%
- 1x Gold Samy
13%
1x Gold 1x Gold Azad
12%
- 1x Platin Gringo
12%
- 1x Gold Hava
12%
- 1x Platin Kasimir1441
12%
- 1x Gold Nash
11%
- 1x Gold Kianush
10%
- 1x Platin Kurdo
10%
- 1x Gold Mozzik
10%
- 1x Platin Fourty
9%
- 1x Platin Ali Bumaye
8%
1x Gold 1x Platin Frauenarzt
8%
1x Gold 1x Gold Genetikk
8%
1x Gold 3x Gold Motrip
8%
- 1x Platin 257ers
7%
1x Gold 1x Gold Fettes Brot
7%
- 1x Gold Hanybal
7%
1x Gold 1x Gold Samy Deluxe
7%
- 1x Gold Data Luv
6%
3x Gold 1x Platin Jan Delay
6%
1x Gold 3x Gold Beginner
5%
1x Gold 1x Platin Manny Marc
5%
- 1x Gold Monet192
5%
- 1x Gold Ali As
4%
- 1x Gold Azzi Memo
4%
- 1x Gold Finch Asozial
4%
1x Gold - Prinz Pi
4%
1x Gold 3x Gold SDP
4%
- 1x Gold Joshi Mizu
3%
2x Platin 1x Platin Tic Tac Toe
3%
- 1x Gold TJ_beastboy
3%
- 1x Gold Ali471
2%
- 1x Platin Die Firma
2%
- 1x Gold Kalazh44
2%
1x Platin 1x Gold Max Herre
2%
- 1x Gold Dat Adam
1%
- 1x Gold Die Orsons
1%
- 1x Gold Jazn
1%
- 1x Gold Joka
1%
- 1x Gold Metrickz
1%
1x Gold 3x Gold Namika
1%
1x Gold 1x Gold Sabrina Setlur
1%
- 1x Gold Yonii
1%
1x Gold - Rödelheim Hartreim Projekt
0%
- 1x Gold Undacava
0%
Keine übereinstimmenden Quizze gefunden
Verteilung der Resultate
Anzahl Personen mit jedem Resultat
Perzentil nach korrekt beantworteten Fragen
Ihre Resultats-Entwicklung
Sie haben dieses Quiz seit der letzten Aktualisierung nicht gespielt